| 000 | 00595ata a2200217 4500 | ||
|---|---|---|---|
| 005 | 20231010112450.0 | ||
| 008 | 150518b1989 xxu||||| |||| 00| 0 spa d | ||
| 020 | _a9977978360 | ||
| 041 | _aESP | ||
| 082 | _a306.77 S333f | ||
| 100 |
_aSchifter Sikora, Jacobo _911189 |
||
| 245 | _aFormación de una contra cultura : homosexualidad y sida en Costa Rica | ||
| 260 |
_aCosta Rica _bGuayacan _c1989 |
||
| 300 | _a318 páginas | ||
| 650 | _aHOMOSEXUALIDAD | ||
| 650 | _aCOSTA RICA | ||
| 650 | _aPATRIARCADO | ||
| 650 | _aSIDA | ||
| 650 | _aPSIQUIATRIA | ||
| 942 |
_cBK _2ddc |
||
| 999 |
_c5613 _d5613 |
||